Bournemouth Squad 2026 - Statistics

General Stats
  • This quiz has been taken 13 times
  • The average score is 16 of 24
Answer Stats
Nation Age Position Answer % Correct
Serbia 26 GK Djordje Petrovic
100%
Netherlands 26 CAM Justin Kluivert
100%
USA 26 CDM Tyler Adams
100%
Wales 28 RW David Brooks
91%
Turkey 28 ST Enes Ünal
91%
Brazil 26 ST Evanilson
91%
Argentina 28 CB Marcos Senesi
91%
England 22 CM Alex Scott
82%
England 34 RB Adam Smith
73%
France 19 ST Eli Kroupi
73%
France 24 LB Adrien Truffert
64%
Morocco 25 LW Amine Adli
64%
Scotland 20 RW Ben Gannon-Doak
64%
England 28 CM Lewis Cook
64%
Scotland 30 CM Ryan Christie
64%
France 25 CB Bafode Diakite
55%
England 26 CAM Marcus Tavernier
55%
Spain 20 RB Alex Jimenez
45%
England 23 CB James Hill
45%
Argentina 20 LB Julio Soler
45%
England 37 GK Fraser Forster
36%
Serbia 18 CB Veljko Milosavljevic
36%
England 25 GK Will Dennis
36%
USA 19 CB Matai Akinmboni
27%
No matching quizzes found
Score Distribution
Percent of People with Each Score
Percentile by Number Answered
Your Score History
You have not taken this quiz